| 000 | 00774cam a22001934a 4500 | ||
|---|---|---|---|
| 005 | 20250605164357.0 | ||
| 008 | 250528s ||||||||||||||||||||||||d | ||
| 035 | _a24396 | ||
| 040 |
_aGR-AtMCL _bgre _dGR-AtMCL _eAACR2 |
||
| 245 | 1 | _aThe Knowledge Backflash / Can we Manage Know-How, or is it All in the Mind? The Warnings Begin | |
| 260 | _c1998 | ||
| 300 | _a58 | ||
| 520 | _aThe Cyber-Picket Line, Why the Giants Won't Survive, Service Without a Smile, Buying an Online Strategy, Information Democracy, A Question of Priorities, The Bottom Line on Knowledge, Comment, Strategy Watch, Facts and Forecasts, The IS Network, End Page. | ||
| 700 | 1 |
_aMacvicar Stephen _99458 |
|
| 700 | 1 |
_aTate Paul _99459 |
|
| 942 | _cCR | ||
| 999 |
_c9283 _d9283 |
||